Foundations of physical education, exercise and sport/ (Record no. 12806)

000 -LEADER
fixed length control field 00613nam a22001697a 4500
008 - FIXED-LENGTH DATA ELEMENTS--GENERAL INFORMATION
fixed length control field 160808b xxu||||| |||| 00| 0 eng d
020 ## - INTERNATIONAL STANDARD BOOK NUMBER
International Standard Book Number 0072972807
050 ## - LIBRARY OF CONGRESS CALL NUMBER
Classification number GV 341.W85 2006
100 ## - MAIN ENTRY--PERSONAL NAME
Personal name Wuest, Deborah A.
Dates associated with a name 2006
245 ## - TITLE STATEMENT
Title Foundations of physical education, exercise and sport/
Statement of responsibility, etc. Deborah A.Wuest and Charles A.Bucher
250 ## - EDITION STATEMENT
Edition statement 15th ed.
260 ## - PUBLICATION, DISTRIBUTION, ETC. (IMPRINT)
Place of publication, distribution, etc. Boston;
Name of publisher, distributor, etc. McGrawHill,
Date of publication, distribution, etc. 2006.
300 ## - PHYSICAL DESCRIPTION
Extent xv,583 p. :ill.
Other physical details Includes bibliographical references and index.
650 ## - SUBJECT ADDED ENTRY--TOPICAL TERM
Topical term or geographic name as entry element Physical education and training.
700 ## - ADDED ENTRY--PERSONAL NAME
Personal name Bucher, Charles A.
942 ## - ADDED ENTRY ELEMENTS (KOHA)
Source of classification or shelving scheme
Koha item type Hard Covered Materials
Classification part GV 341.W85 2006
Holdings
Withdrawn status Lost status Source of classification or shelving scheme Damaged status Not for loan Home library Current library Shelving location Date acquired Source of acquisition Total Checkouts Full call number Barcode Date last seen Price effective from Koha item type
          MACHAKOS UNIVERSITY LIBRARY MACHAKOS UNIVERSITY LIBRARY Open shelf 08/08/2016 Donation   GV 341.W85 2006 24198 06/06/2019 08/08/2016 Hard Covered Materials
          MACHAKOS UNIVERSITY LIBRARY MACHAKOS UNIVERSITY LIBRARY Open shelf 08/08/2016 Donation   GV 341.W85 2006 24194 31/05/2019 08/08/2016 Hard Covered Materials
© Machakos University Library, Along The Highway, Machakos Wote Rd, Machakos, Kenya P.O. Box 136 - 90100 Machakos - Kenya

Tel: ( +254 ) 723 805829 OR Fax : 044-20353 OR Email: library@mksu.ac.ke